Country Names in Filipino - Statistics

General Stats
  • This quiz has been taken 1,607 times
  • The average score is 22 of 35
Answer Stats
Hint Answer % Correct
Indiya India
98%
Estados Unidos United States
97%
Pilipinas Philippines
96%
Brunay Brunei
93%
Pransiya France
90%
Dinamarka Denmark
87%
Tsile Chile
86%
Polonya Poland
84%
Timog Aprika South Africa
84%
Bulibya Bolivia
82%
Gana Ghana
82%
Noruwega Norway
82%
Etiyopiya Ethiopia
80%
Libano Lebanon
74%
Hamayka Jamaica
73%
Lungsod ng Batikano Vatican City
69%
Lupangyelo Iceland
65%
Bagong Selanda New Zealand
65%
Unggarya Hungary
64%
Republikang Tseko Czech Republic
60%
Nagkakaisang Kaharian United Kingdom
56%
Pidyi Fiji
53%
Mawrisyo Mauritius
49%
Guniya Guinea
48%
Kapuluang Marsiyal Marshall Islands
45%
Kiribas Kiribati
43%
Suwasilandiya Swaziland
43%
Seykelas Seychelles
42%
Heyorhiya Georgia
40%
Hiboti Djibouti
38%
San Vicente at ang Kagranadinahan Saint Vincent and the Grenadines
33%
Suwesya Sweden
33%
Tsipre Cyprus
31%
Olanda Netherlands
31%
Baybaying Garing Cote d'Ivoire
12%
No matching quizzes found
Score Distribution
Percent of People with Each Score
Percentile by Number Answered
Your Score History
You have not taken this quiz